000 00501nam a22001697a 4500
003 CEME
005 20210628203237.0
008 210119b xxu||||| |||| 00| 0 eng d
040 _cceme
082 _a358.40095491 PUS
100 _aPushpindar Singh , Rikhye, Ravi , Steinemann , Peter
_964228
245 _aFiza'ya , psyche of the pakistan airforce
260 _aNEW DELHI
_bPAF BOOK CLUB
_c1991
300 _a208 P
650 _aFIZA'YA.PSYCHE OF THE PAKISTAN AIRFORCE
_964229
942 _cBK
_2ddc
999 _c572796
_d572796